Ładuje się......
Chemical and biochemical applications of lasers
| 1. autor: | |
|---|---|
| Format: | Printed Book |
| Język: | English |
| Wydane: |
New York
Academic Press
1977
|
| Hasła przedmiotowe: |
Biological chemistry
> Chemistry, Biological
> Chemistry, Physiological
> Biochemistry
> clinical chemistry
> metabolism
> Molecular biology
> Nucleic acids
> Proteins
> Steroids
> Biology
> Chemistry
> Medicine
> Laser
> Chemistry
> Spectroscopy
> Biochemistry
> Spectrum analysis
> Acids
> Bases- chemistry
> Physical science
> Science
|
| LEADER | 00960nam a2200253 a 4500 | ||
|---|---|---|---|
| 001 | adlib96000001 | ||
| 003 | ViArRB | ||
| 005 | 20151026130713.0 | ||
| 008 | 960221s1955 dcuabcdjdbkoqu001 0deng d | ||
| 020 | |||
| 022 | |||
| 040 | |a Adlib | ||
| 082 | |a 577.1:535.374 | ||
| 245 | |a Chemical and biochemical applications of lasers | ||
| 250 | |||
| 260 | |a New York |b Academic Press |c 1977 | ||
| 300 | |a 3v. | ||
| 500 | |a | ||
| 100 | |a Moore, Charles | ||
| 700 | |||
| 942 | |c BK |6 _ | ||
| 653 | |a Biological chemistry |a Chemistry, Biological |a Chemistry, Physiological |a Biochemistry |a clinical chemistry |a metabolism |a Molecular biology |a Nucleic acids |a Proteins |a Steroids |a Biology |a Chemistry |a Medicine |a Laser |a Chemistry |a Spectroscopy |a Biochemistry |a Spectrum analysis |a Acids |a Bases- chemistry |a Physical science |a Science | ||
| 999 | |c 11115 |d 11115 | ||
| 952 | |0 0 |1 0 |4 0 |6 5771535374_MOO3 |7 0 |9 22571 |a UL |b UL |d 2010-06-16 |o 577.1:535.374 MOO.3 |p 00015128 |r 2010-06-16 |w 2010-06-16 |y BK | ||